عرض عادي
عرض مارك
- أبادوراي، أ،
دخول Personal Name
001 - CONTROL NUMBER
- control field: 25404
003 - CONTROL NUMBER IDENTIFIER
- control field: AE-AdECS
005 - DATE AND TIME OF LATEST TRANSACTION
- control field: 20260123073748.0
008 - FIXED-LENGTH DATA ELEMENTS
- fixed length control field: 260123|| aca||aabn | a|a d
040 ## - CATALOGING SOURCE
- Original cataloging agency: AE-AdECS
- Transcribing agency: AE-AdECS
100 ## - HEADING--PERSONAL NAME
- Personal name: أبادوراي، أ،
670 ## - SOURCE DATA FOUND
- Source citation: Work cat.: (AE-AdECS)293810: أبادوراي، أ،. مؤلف., استخدام القوة في العلاقات الدولية /
